000 00363nam a2200181Ia 4500
100 _aRoberts/Gordon W
650 _aSpice
250 _a2
942 _cRB
366 _f17.5
654 _aspice
245 _aSPICE
260 _bOxford university press
_aMumbai
_c1997
082 _a621.3815/ROB
_bROB
300 _a447
546 _aENGLISH
999 _c19410
_d19410